El gran diccionario del medio ambiente y de la contaminación: definiciones en español con traducción de los términos al francés y al inglés
Guardat en:
| Autor principal: | |
|---|---|
| Format: | Llibre |
| Idioma: | espanyol |
| Publicat: |
Madrid
Mundi-Prensa
1995
|
| Edició: | 1a. ed |
| Matèries: | |
| Etiquetes: |
Afegir etiqueta
Sense etiquetes, Sigues el primer a etiquetar aquest registre!
|
MARC
| LEADER | 00000nam a2200000 a 4500 | ||
|---|---|---|---|
| 001 | UCJ1410 | ||
| 003 | CL-VaPUC | ||
| 008 | 061020e19950000SP |||||||||||||||||spa|d | ||
| 020 | |a 8471145871 | ||
| 082 | 0 | 4 | |a 363.7 |b SEO |2 21 |
| 100 | 0 | |a Seoánez Calvo, Mariano |e author |9 502022 | |
| 245 | 1 | 3 | |a El gran diccionario del medio ambiente y de la contaminación: definiciones en español con traducción de los términos al francés y al inglés |
| 250 | |a 1a. ed | ||
| 300 | |a 807 p | ||
| 942 | |c BK | ||
| 945 | |d 20061020 00:00:00 |a cmena | ||
| 260 | |a Madrid |b Mundi-Prensa |c 1995 | ||
| 650 | 0 | |a Protección del medio ambiente |9 257626 | |
| 650 | 0 | |a Medio ambiente |9 257625 | |
| 650 | 0 | |a Contaminación ambiental |9 314181 | |
| 650 | 0 | |a Diccionarios |9 256200 | |
| 583 | |a last modification |c 20061020 00:00:00 |k Rodrigo Vera | ||
| 999 | |c 317997 |d 317995 | ||
| 952 | |0 0 |1 0 |4 0 |6 363_700000000000000_SEO_1995 |7 0 |8 F |9 395163 |a BIBAGR |b BIBAGR |d 2019-11-22 |i 4287878 |o 363.7 SEO 1995 |p 4287878 |r 2025-01-20 |w 2019-11-22 |y BK_F |k AGR | ||